000 00281nam a22001217a 4500
020 _a8185461740
082 _a630
_bSTE/DI
245 _aDictionary of Agriculture
260 _aNew Delhi
_bUniversal Book Stall
_c1996
300 _a260
700 _aStephens,Alan
_9881
942 _cREF
999 _c14507
_d14507